000
00265nam a2200109Ia 4500
008
220204s9999 xx 000 0 und d
082
_a
82-7
_b
PAT
100
_a
Pathak, S M
245
0
_a
Go easy on laughs
260
_a
New Delhi
_b
India Paperbacks
_c
1977
942
_c
BK
999
_c
29088
_d
29088